El genio de la botella de leche / (Registro nro. 7637)

Detalles MARC
000 -LEADER
fixed length control field 01013nam a2200241 i 4500
005 - DATE AND TIME OF LATEST TRANSACTION
control field 20250329173332.0
007 - PHYSICAL DESCRIPTION FIXED FIELD--GENERAL INFORMATION
fixed length control field ta
008 - FIXED-LENGTH DATA ELEMENTS--GENERAL INFORMATION
fixed length control field 230424s2018 xx r 000 1 eng d
020 ## - INTERNATIONAL STANDARD BOOK NUMBER
International Standard Book Number 978-9583055874
040 ## - CATALOGING SOURCE
Original cataloging agency CO-CtgCURN
Language of cataloging eng
Transcribing agency coctgcurn
082 04 - DEWEY DECIMAL CLASSIFICATION NUMBER
Classification number 808.301
Item number T784
100 1# - MAIN ENTRY--PERSONAL NAME
Personal name Trédez, Emmanuel.
245 13 - TITLE STATEMENT
Title El genio de la botella de leche /
Statement of responsibility, etc. Emmanuel Trédez; Yves Calarnou, il.
250 ## - EDITION STATEMENT
Edition statement primera edición.
260 ## - PUBLICATION, DISTRIBUTION, ETC.
Place of publication, distribution, etc. Bogotá :
Name of publisher, distributor, etc. Panamericana,
Date of publication, distribution, etc. 2018.
300 ## - PHYSICAL DESCRIPTION
Extent 31 páginas :
Other physical details ilustraciones a color ;
Dimensions 19 cm.
520 ## - SUMMARY, ETC.
Summary, etc. Hugo toma su desayuno con su madre y su hermana. mientras vierte la leche sobre su cereal,un genio salta de su gol y le propone concederle tres deseos pero,cuando uno le pide una consola o tiene una ¡ cacerola !
650 #0 - SUBJECT ADDED ENTRY--TOPICAL TERM
Topical term or geographic name entry element Escuela.
700 1# - ADDED ENTRY--PERSONAL NAME
Personal name Calarnou, Yves,
Relator term ilustrador.
942 ## - ADDED ENTRY ELEMENTS (KOHA)
Source of classification or shelving scheme Dewey Decimal Classification
Institution code [OBSOLETE] MSCTG
Classification part 808.301
Item part T784
-- 808.301 T784
Existencias
Withdrawn status Lost status Source of classification or shelving scheme Damaged status Not for loan Collection Home library Current library Shelving location Date acquired Cost, normal purchase price Inventory number Total checkouts Full call number Barcode Date last seen Copy number Price effective from Koha item type Public note
    Dewey Decimal Classification     General Sala multisensorial Sala multisensorial General   18000.00 024734   808.301 T784 024734   ej.1   Libros 800-LIT&RE
    Dewey Decimal Classification     General Sala multisensorial Sala multisensorial General   18000.00 024734   808.301 T784 024766   ej.2   Libros